|
|
|
|
| LEADER |
00000nam0a2200000 4500 |
| 001 |
122308 |
| 005 |
20231031125921.0 |
| 035 |
|
|
|a (RuTPU)RU\TPU\book\132434
|
| 090 |
|
|
|a 122308
|
| 100 |
|
|
|a 20071001d1960 km y0rusy50 ca
|
| 101 |
0 |
|
|a ger
|
| 102 |
|
|
|a DE
|
| 105 |
|
|
|a a z 001zy
|
| 200 |
1 |
|
|a Berechnung elektrischer Stromkreise
|e Arbeittsbuch 7., vollstandig uberarbeitetete Auflage 163 Aufgaben mit losungen
|
| 210 |
|
|
|a Berlin
|c Verlag Technik
|d 1960
|
| 215 |
|
|
|a 422 с.
|c ил.
|
| 320 |
|
|
|a Literaturverzeichniss: p. 423.
|
| 610 |
1 |
|
|a электротехника
|
| 610 |
1 |
|
|a электротехника теоретическая
|
| 610 |
1 |
|
|a электрический ток
|
| 610 |
1 |
|
|a электрическая дуга
|
| 610 |
1 |
|
|a электрические цепи
|
| 675 |
|
|
|a 621.3.014
|v 3
|
| 700 |
|
1 |
|a Lunze
|b K.
|g Klaus
|
| 801 |
|
1 |
|a RU
|b 63413507
|c 20071001
|g PSBO
|
| 801 |
|
2 |
|a RU
|b 63413507
|c 20071115
|g PSBO
|
| 942 |
|
|
|c BK
|